00492nam a2200169 a 4500020001800000082001500018100001600033245001600049260004600065300001100111500003500122650001700157700001600174942000700190952010800197999001700305 a978817058845000a181.4bAUR aAurobindo,  aLife Divine aPandicherry bSri Aurobindo Ashram c2006 a1130p  aincludes index and biblioraphy aSpirituality1 aAurobindo,  cBK 00104070aHMIbHMId2013-12-26g375.00l1o181.4 AURp024271r2018-12-13s2018-09-17w2026-01-16yBK c16641d16641